| 000 | 00532nam a2200145Ia 4500 | ||
|---|---|---|---|
| 008 | 170221s9999 xx 000 0 und d | ||
| 100 | _aValeriy P. Popkov | ||
| 245 | _aSmall Business in the Economic System of the Country | ||
| 245 | _cValeriy P. Popkov, Sergei M. Lepeshkin, Olga V. Fokina, Daria I. Orlova, Irina G. Altsybeeva | ||
| 260 | _bInternational Review of Management and Marketing | ||
| 260 | _c2016 | ||
| 300 | _a6 : 6S | ||
| 650 | _xMarketing. | ||
| 856 | _uhttp://www.econjournals.com/index.php/irmm/issue/view/86 | ||
| 999 |
_c308464 _d308464 |
||